Roberto Rossellini
I tiakina i:
| Kaituhi matua: | |
|---|---|
| Hōputu: | Pukapuka |
| Reo: | Wīwī |
| I whakaputaina: |
París
Seghers
1963
|
| Rangatū: | Cinéma D'Aujourd'hui, 15
|
| Ngā marau: | |
| Ngā Tūtohu: |
Tāpirihia he Tūtohu
Kāore He Tūtohu, Me noho koe te mea tuatahi ki te tūtohu i tēnei pūkete!
|
MARC
| LEADER | 00000cam a2200000 a 4500 | ||
|---|---|---|---|
| 001 | UCV8308 | ||
| 003 | CL-VaPUC | ||
| 008 | 910327e19630000FR |||||||||||||||||fre|d | ||
| 082 | 0 | 4 | |a 791.4309 |b VER |2 21 |
| 100 | 0 | |a Verdone, Mario |e author |9 302371 | |
| 245 | 1 | 0 | |a Roberto Rossellini |
| 300 | |a 222 p | ||
| 942 | |c BK | ||
| 945 | |d 19910327 00:00:00 | ||
| 260 | |a París |b Seghers |c 1963 | ||
| 600 | 0 | 7 | |a ROSSELLINI, ROBERTO |2 CL-VaPUC |9 266419 |
| 650 | 0 | |a Cine |x Producción y dirección |9 264962 | |
| 583 | |a last modification |c 20190402 08:47:41 |k Rodrigo Vera | ||
| 490 | 0 | |a Cinéma D'Aujourd'hui, 15 | |
| 999 | |c 213846 |d 213844 | ||
| 952 | |0 0 |1 0 |3 erb |4 0 |6 791_430900000000000_VER_1963 |7 0 |8 A |9 196625 |a BIBART |b BIBART |i 5475872 |o 791.4309 VER 1963 |p 5475872 |r 2025-03-13 |w 2019-11-14 |y BK |z Catalogado en:20180615 |k ART | ||